Samota vo dvojici Pondelňajšia inscenácia Sám so všetkými zaujala televízneho diváka

Podrobná bibliografia
Hlavný autor: I.R (Autor)
Ďalší autori: Strnisko, Vladimír, 1938- (Autor dialógov)
Médium: Článok
Jazyk:slovenčina
Predmet:

MARC

LEADER 00000nab a2200000 a 4500
001 vtls000341916
003 SK-MaSNL
005 20260428072237.0
008 111201c1988 xo 0 slo
015 |a SNBRB19rr/mm-uuuuu 
035 |a CL0342038 
040 |a SNKBUCL  |b slo  |c SNKBUCL  |e AACR2 
041 0 |a slo 
044 |a xo  |c SK 
080 |a 7.097  |2 1981 
100 1 |a I.R.  |4 aut  |9 923497 
245 1 0 |a Samota vo dvojici  |b Pondelňajšia inscenácia Sám so všetkými zaujala televízneho diváka  |c I.R. ; Vladimír Strnisko 
500 |a (Réžia Vladimír Strnisko.) 
600 1 7 |a Geľman, Aleksandr Isaakovič,   |d 1933-  |2 snkbucl  |9 186560 
610 2 7 |a Československá televízia  |2 snkbucl  |9 215938 
651 7 |a 5100  |2 snkbucl  |9 166206 
655 7 |a články z novín a časopisov  |2 snkbucl  |9 267496 
700 1 |a Strnisko, Vladimír,  |d 1938-  |4 aud  |9 145481 
773 0 |t Večerník  |g Roč. 33, č. 240 (7. 12. 1988), s. 5 
850 |a Slovenská národná knižnica v Martine  |a MTA001 
852 |a SNK  |b KIS3GCP 
958 |a RK 
992 |a RBX 
999 |c 3147364  |d 3149294